000 01459nab a22002537a 4500
999 _c5295
_d5295
003 OSt
005 20250217194650.0
008 190603e xxum|||| |||| 00| 0 spa d
040 _cPJ-TDF
100 _96352
_aJagou, Vanesa S.
245 1 3 _aEl requisito de idoneidad del representante respecto del consumidor individual afectado en las acciones colectivas de consumo /
_cVanesa S. Jagou.
260 _cCiudad Autónoma de Buenos Aires :
_aThomson Reuters La Ley,
_b2023.
300 _ap. 42-56
500 _aCita: TR LALEY AR/DOC/2183/2023.
505 _aSumario: I. Introducción.— II. La representación adecuada o idoneidad del representante.— III. El requisito de la representación adecuada respecto de la figura del consumidor individual afectado en las acciones colectivas de consumo.— IV. Efectos de la falta de acreditación del requisito de representatividad adecuada en los procesos colectivos de consumo.— V. Conclusiones.
505 _t¿Te interesa el texto completo? Solicitalo al correo: koha@justierradelfuego.gov.ar
650 0 _92597
_aDEFENSA DEL CONSUMIDOR
650 0 _92600
_aLEY DE DEFENSA DEL CONSUMIDOR
650 0 _aDERECHOS DE INCIDENCIA COLECTIVA
_92080
650 0 _aREPRESENTACION PROCESAL
_91517
650 0 _aLEGITIMACIÓN PROCESAL
_92394
773 0 _02713
_93170
_dCiudad Autónoma de Buenos Aires : Thomson Reuters La Ley, 2015-
_tRevista Código Civil y Comercial. Nº 5 - Octubre 2023
942 _2udc
_cANA